000 00571nam a2200229Ia 4500
003 OSt
005 20221007071130.0
006 a|||||r|||| 00| 0
007 ta
008 221006b |||||||| |||| 00| 0 eng d
024 _a18,416
037 _cTextual
040 _aFLL
_cFLL
_beng
041 _2eng
_aeng
082 _aZ0ay, L5
100 _aGreen L.C.
_9133484
245 0 _aLaw and society
260 _aLeyden
_bA.W. Sijthoff Leyden
_c1975
300 _a502p
_ccm.
942 _hZ0ay, L5
_cTEXL
_2CC
999 _c1142528
_d1142528